Energy Conservation Concepts and Applications (Record no. 14713)
[ view plain ]
| 000 -LEADER | |
|---|---|
| fixed length control field | 00352nam a22001337a 4500 |
| 020 ## - INTERNATIONAL STANDARD BOOK NUMBER | |
| ISBN | 8131404331 |
| 082 ## - DEWEY DECIMAL CLASSIFICATION NUMBER | |
| Classification number | 621.4 |
| Item number | STH/EN |
| 245 ## - TITLE STATEMENT | |
| Title | Energy Conservation Concepts and Applications |
| 260 ## - PUBLICATION, DISTRIBUTION, ETC. (IMPRINT) | |
| Place of publication | Hyderabad |
| Name of publisher | The ICFAI University Press |
| Year of publication | 2012 |
| 300 ## - PHYSICAL DESCRIPTION | |
| Number of Pages | 344 |
| 700 ## - ADDED ENTRY--PERSONAL NAME | |
| Personal name | Sthanumoorthy R. |
| 700 ## - ADDED ENTRY--PERSONAL NAME | |
| Personal name | Leena Mary Eapen |
| 942 ## - ADDED ENTRY ELEMENTS (KOHA) | |
| Koha item type | Book Bank scheme for SC students |
| Withdrawn status | Lost status | Damaged status | Collection code | Home library | Current library | Shelving location | Date acquired | Source of acquisition | Cost, normal purchase price | Full call number | Accession Number | Koha item type |
|---|---|---|---|---|---|---|---|---|---|---|---|---|
| KAUAET | KAUAET | Scheme | 22/08/2016 | Calicut Book Daistributors, Calicut. | 525.00 | 621.4 STH/EN | BB 274 | Book Bank scheme for SC students |
